01095 2200253 4500001002100000005001500021035002000036245007300056100002000129250001100149300002000160700004100180700003800221260004600259082001000305084001600315020002200331520036600353008004100719650002400760990001900784990001900803990001900822INLIS00000000001471820250728080728 a0010-07250000041 aCommunity Relations :bKonsep dan aplikasinya /cDr. Yosal Iriantara0 aYosal Iriantara aRevisi ax, 238.; 25 cm.0 aRema Karyanti Soenendar (Penyunting)0 aIqbal Triadi Nugraha (Penyunting) aBandung :bSimbiosa Rekatama Media,c2019 a659.2 a659.2 YOS c a978-602-7973-86-2 aKonsep tanggung jawab social korporat melahirkan tantangan bagi para praktisi public relations di tanah air. Melalui konsep ini, citra atau reputasi organisasi harus diikhtiarkan agar tetap terjaga. Namun di samping itu, melalui kegiatan community relations, organisasi bisnis dituntut untuk memainkan peran mengatasi permasalahan social yang dialami komunitas.250728 e 0 ind  aHubungan masyarakat a025.3738/PC/25 a025.3739/PC/25 a025.3740/PC/25